000 00764cab a2200241 4500
001 WB3131-43
008 090401t1995 xxu||||| |||| 00| 0 eng d
035 _a(Sirsi) u51772
041 _aeng
245 _aProfits collapse at Hambro estate agency
260 _c1995
350 _a0
490 _aSunday Telegraph
_v13 August 1995, 2.1
490 _aIndependent
_v15 August 1995, 14(2)
520 _aHambro Countrywide admits that failure to predict a continued decline in the housing market has led to a profits collapse in the past year.
650 _aESTATE AGENCIES
650 _aFORECASTS
650 _aHAMBRO COUNTRYWIDE
650 _aHOUSING CRISIS
690 _aPROPERTY-PROPERTY FINANCE AND INVESTMENT
942 _n0
948 _c04/03/1997
999 _c32126
_d32126